000 01331cam a2200337 a 4500
001 13487
003 BD-RjUL
005 20211208235449.0
008 140201s2009 nju b 000 0 eng
020 _a9780470452424
020 _a0470452420
035 _a(BD-RjUL)13538
_a(OCoLC)ocn286484025
040 _aDLC
_cDLC
_dYDX
_dBTCTA
_dYDXCP
_dUKM
_dZQP
_dCDX
_dVP@
_dDLC
_dBD-RjUL
_beng
041 _aeng
082 0 0 _a650.1
_222
_bSTF 2009
100 1 _aSteinberg, Gregg M.,
_d1963-
_942063
245 1 0 _aFull-throttle :
_b122 strategies to supercharge your performance at work /
_cGregg M. Steinberg.
260 _aHoboken, N.J. :
_bWiley,
_cc2009.
300 _axiv, 258 p. ;
_c24 cm.
504 _aIncludes bibliographical references (p. 246-255).
650 0 _aSuccess in business.
_942064
650 0 _aPerformance.
_942065
650 0 _aPerformance
_xPsychological aspects.
_942066
650 0 _aEmployee motivation.
_942067
856 4 1 _3Table of contents only
_uhttp://www.loc.gov/catdir/enhancements/fy1009/2008054904-t.html
856 4 2 _3Publisher description
_uhttp://www.loc.gov/catdir/enhancements/fy1009/2008054904-d.html
856 4 2 _3Contributor biographical information
_uhttp://www.loc.gov/catdir/enhancements/fy1009/2008054904-b.html
942 _2ddc
_cBK
999 _c13487
_d13487